=LDR 00000nam 2200000 4500 =001 INLIS000000000038539 =005 20130612144215 =008 ***********************************Ind** =035 ##$$0010-061300000038539 =041 ##$$a Ind =082 ##$$a 641.5 =090 ##$$a 641.5, Erw a =100 ##$$a Erwin, Lilly T =245 ##$$a Aroma rasa kuliner Nusantara, Ikan bakar populer, Lilly T. Erwin; Editor, Intarina Hardiman =260 ##$$a 2010 $b Jakarta =300 ##$$a 56 hlm, Ilus, 21 cm =650 ##$$a Masakan - Resep =700 ##$$a Hardiman, Intarina =850 ##$$a NBPNMAT